1023 1236 1339 1376 1988 1864 1902 1474 1387 1224 1189 1342 1590 1848 1777 1428 1999 1917 1590 1615 1070 1943 1831 1341 1665 1956 1767 1063 1137 1640 1592 1714 1732 1929 1923 1899 1021 1964 1258 1070 1871 1776 1323 1993 1750 1373 1701 1931 1717 1754 1402 1632 1493 1276 1901 1674 1373 1408 1288 1156 1033 1379 1617 1166 1168 1973 1572 1995 1200 1816 1619 1872 1939 1688 1680 1265 1374 1447 1954 1324 1533 1694 1902 1169 1960 1202 1475 1570 1352 1642 1101 1744 1551 1466 1804 1628 1086 1442 1009 BCNSPRNW ULIB Ver.6.0+V

เปลี่ยนเป็นภาษาไทย

Change to English
 แสดงรายละเอียดบรรณานุกรม
  กลับหน้าหลัก

Brief Record : Get Marc (ISO 2709) : E-mail record : QR code < ปิดหน้าต่าง
LEADER : 00000nam 2200000uu 4500
001    13399127406
003     ULIB
008    200519s2019||||th 000 0 tha d
020    ^a9781506259871 (pbk.)
050  4 ^aPE1128^bS532Bt
100 1  ^aSharpe, Pamela J.
245 10 ^aBarron s TOEFL iBT :^binternet-based test /^cPamela J.Sharpe
246 30 ^aTOEFL iBT :^bInternet-based test
246 30 ^aTOEFL Internet-based test
250    ^a16th ed.
260    ^aHauppauge, N.Y. :^bKaplan/Barron s Educational Series,^c2019
300    ^avi, 810 p. :^bill. ;^c28 cm.
650  0 ^aTest of English as a Foreign Language^vStudy guides
650  0 ^aEnglish language^vTextbooks for foreign speakers
650  0 ^aEnglish language^xExaminations^vStudy guides
653    ^aTOEFL
945    ^p386^l0^i007079
999    ^aประนอม เกษจรัล
รายการนี้ยังไม่มีแท็ก
คุณยังไม่ได้ล็อกอิน คุณสามารถมีกิจกรรมร่วมกับเว็บไซต์ได้ แต่ต้องล็อกอินก่อน ::
  ล็อกอิน

รายการสื่อสารสนเทศ

ลำดับที่ ประเภท เลขเรียก/บาร์โค้ด สถานที่ สถานะ
1. การศึกษาทั่วไป
หนังสือสำรอง
สถานะ=หนังสือสำรอง
PE1128 S532Bt ฉ.1 
  Barcode: 007079
ห้องสมุดวิทยาเขตสวรรค์ประชารักษ์
►หนังสือทั่วไป
บนชั้น

รายการใกล้เคียง
    ผู้แต่ง [Sharpe, Pamela J.]

BibComment


ยังไม่เคยถูกคอมเมนท์

คอมเมนท์ทรัพยากรรายการนี้
  คอมเมนท์: Barron s TOEFL i..


 Copyright 2026. Bcnsprnw @Library